Statistics for Movie Titles with Shared First Words #1

Click here to take the quiz!

General Stats

  • This quiz has been taken 36,511 times
  • The average score is 15 of 24

Answer Stats

Ends Of Movie TitlesFirst Word% Correct
To The Future, Door To HellBack
98%
Teacher, Boys, SantaBad
88%
Angry Men, Years A Slave12
85%
America, Force OneAir
85%
Chicks, Men Can't JumpWhite
84%
No, StrangeloveDr.
83%
Mr. Fox, FourFantastic
81%
The Line, Of ShameWalk
78%
Pray Love, Drink Man WomanEat
72%
Romance, Lies, GritTrue
71%
Of God, Of Angels, SlickersCity
68%
Hand Luke, RunningsCool
67%
Camp, JamSpace
66%
Tango In Paris, Action HeroLast
64%
Dragon, Sparrow, SonjaRed
55%
Neverland, ForresterFinding
50%
Liaisons, MindsDangerous
47%
Hal, GraveShallow
45%
Simple, DiamondBlood
44%
Mnemonic, EnglishJohnny
43%
River, PizzaMystic
42%
Guns, FrankensteinYoung
40%
Hole, Proof FenceRabbit
29%
Man, Out, Llewyn DavisInside
23%

Score Distribution

Percentile by Number Answered

Percent of People with Each Score

Your Score History

You have not taken this quiz